000
00313 a2200145 4500
001
150955
040
_c
Escola São Tomás de Aquino
100
_a
BANDEIRA, Pedro
240
1
0
_a
Anjo da morte
_l
por
245
1
0
_a
Anjo da morte
300
_a
142
362
0
_a
200
697
_a
*LITERATURA JUVENIL
942
_c
BK
999
_c
150955
_d
150955